[Event "Ostravský koník 2014 - MÈR"]
[Site "Ostrava, CZE"]
[Date "2014.04.29"]
[Round "4"]
[White "Veselý, Martin"]
[Black "Sabol, Marian"]
[Result "1/2-1/2"]
[WhiteElo "2156"]
[BlackElo "2295"]
[PlyCount "78"]

1. d4 Nf6 2. Nf3 e6 3. c4 b6 4. Nc3 Ba6 5. Qa4 Bb7 6. Bg5 Be7 7. e3 O-O 8. Be2
Ne4 9. Nxe4 Bxe4 10. Bxe7 Qxe7 11. O-O f5 12. b4 a5 13. a3 axb4 14. Qxb4 d6 15.
Nd2 Bb7 16. Bf3 Bxf3 17. Nxf3 Nd7 18. a4 Ra5 19. Ra3 e5 20. Nd2 f4 21. exf4
exd4 22. g3 c5 23. Qb3 Rfa8 24. Nf3 h6 25. Re1 Qf7 26. Nd2 b5 27. cxb5 Qxb3 28.
Nxb3 Rxa4 29. Rxa4 Rxa4 30. Re6 Rb4 31. Rxd6 Rxb3 32. Rxd7 Rxb5 33. Rd5 Kf7 34.
f5 Rb1+ 35. Kg2 Rc1 36. Kf3 Kf6 37. h4 h5 38. Ke4 Rc2 39. f3 Rc1 1/2-1/2

[Event "Ostravský koník 2014 - MÈR"]
[Site "Ostrava, CZE"]
[Date "2014.04.29"]
[Round "4"]
[White "Kozusek, Daniel"]
[Black "Holemar, David"]
[Result "0-1"]
[WhiteElo "2098"]
[BlackElo "2269"]
[PlyCount "74"]

1. e4 c5 2. Nf3 g6 3. d4 cxd4 4. Nxd4 Bg7 5. Nc3 Nc6 6. Nxc6 bxc6 7. Bf4 Nf6 8.
e5 Ng8 9. Bc4 f6 10. Qf3 Bb7 11. O-O-O fxe5 12. Bxe5 Nf6 13. Ne4 d5 14. Bxf6
Bxf6 15. Rhe1 O-O 16. Nxf6+ exf6 17. Bb3 Qd6 18. Qe3 Rae8 19. Qxe8 Rxe8 20.
Rxe8+ Kg7 21. g3 Kf7 22. Rde1 Qd7 23. Rh8 Kg7 24. Ree8 Qh3 25. Rhg8+ Kh6 26.
Re7 Bc8 27. c3 Bf5 28. Bd1 Qg2 29. f4 d4 30. cxd4 Qe4 31. Bb3 Qxd4 32. Rge8 Qd3
33. Re2 Qb1+ 34. Kd2 c5 35. R8e7 c4 36. Ba4 Qxb2+ 37. Ke1 Qb4+ 0-1

[Event "Ostravský koník 2014 - MÈR"]
[Site "Ostrava, CZE"]
[Date "2014.04.29"]
[Round "4"]
[White "Olsar, Jaroslav"]
[Black "Zidek, Václav"]
[Result "0-1"]
[WhiteElo "2267"]
[BlackElo "2135"]
[PlyCount "60"]

1. e4 e6 2. d4 d5 3. Nd2 Be7 4. Ngf3 Nf6 5. Bd3 c5 6. e5 Nfd7 7. c3 Nc6 8. O-O
g5 9. Bb5 g4 10. Ne1 cxd4 11. cxd4 Nxd4 12. Bxd7+ Bxd7 13. Qxg4 Qb6 14. Nef3
Nf5 15. Nb3 h5 16. Qf4 Rg8 17. h3 Bb5 18. Re1 O-O-O 19. Bd2 Rxg2+ 20. Kxg2 Rg8+
21. Ng5 Bxg5 22. Qxg5 Nh4+ 23. Kg3 Nf5+ 24. Kg2 Rxg5+ 25. Bxg5 d4 26. Rad1 Bc6+
27. f3 a5 28. Rd2 a4 29. Nc1 Qa5 30. a3 Nh4+ 0-1

[Event "Ostravský koník 2014 - MÈR"]
[Site "Ostrava, CZE"]
[Date "2014.04.29"]
[Round "4"]
[White "Firt, Stanislav"]
[Black "Sindler, Michal"]
[Result "1/2-1/2"]
[WhiteElo "2253"]
[BlackElo "2157"]
[PlyCount "43"]

1. Nf3 Nf6 2. c4 g6 3. Nc3 Bg7 4. e4 d6 5. d4 O-O 6. Be2 e5 7. O-O Na6 8. Re1
Bg4 9. d5 Nc5 10. h3 Bd7 11. Bf1 a5 12. g3 Qb8 13. Nh4 c6 14. a4 Re8 15. Bg2
cxd5 16. cxd5 b5 17. axb5 Bxb5 18. b4 Ncd7 19. bxa5 Bc4 20. Rb1 Qc7 21. Nb5
Bxb5 22. Rxb5 1/2-1/2

[Event "Ostravský koník 2014 - MÈR"]
[Site "Ostrava, CZE"]
[Date "2014.04.29"]
[Round "4"]
[White "Havlíková, Kristýna"]
[Black "Splíchal, Stanislav"]
[Result "1-0"]
[WhiteElo "2251"]
[BlackElo "2125"]
[PlyCount "71"]

1. e4 c6 2. d4 d5 3. Nc3 dxe4 4. Nxe4 Nd7 5. Nf3 Ngf6 6. Ned2 e6 7. g3 c5 8.
Bg2 Be7 9. O-O O-O 10. Re1 cxd4 11. Nxd4 Nc5 12. Nc4 Nd5 13. c3 Bf6 14. Ne5 a6
15. Nb3 Nxb3 16. Qxb3 Qc7 17. Ng4 Be7 18. c4 Qa5 19. Rd1 Nf6 20. Bd2 Qh5 21.
Nxf6+ Bxf6 22. Bb4 Rd8 23. Rxd8+ Bxd8 24. Rd1 Bc7 25. Bd6 Bxd6 26. Rxd6 Qg5 27.
Qe3 Qe7 28. Qd4 h6 29. f4 a5 30. c5 Kh7 31. Rd8 f5 32. b3 a4 33. b4 a3 34. h4
e5 35. fxe5 Qe6 36. Bd5 1-0

[Event "Ostravský koník 2014 - MÈR"]
[Site "Ostrava, CZE"]
[Date "2014.04.29"]
[Round "4"]
[White "Bartos, Jan"]
[Black "Pacl, Václav"]
[Result "1-0"]
[WhiteElo "2232"]
[BlackElo "2150"]
[PlyCount "115"]

1. d4 e6 2. c4 Bb4+ 3. Bd2 Qe7 4. g3 Nf6 5. Nf3 Nc6 6. Nc3 Bxc3 7. Bxc3 Ne4 8.
Rc1 Nxc3 9. Rxc3 O-O 10. Bg2 d6 11. d5 Nb8 12. dxe6 fxe6 13. Nd4 c6 14. O-O Nd7
15. Qd2 e5 16. Nc2 Nf6 17. Rd1 Rd8 18. Rd3 Bf5 19. Rb3 Be4 20. Bxe4 Nxe4 21.
Qe3 Nc5 22. Ra3 a5 23. Nd4 Qf7 24. Nb3 Qxc4 25. Rc1 Qd5 26. Nxc5 dxc5 27. Rxc5
Qd1+ 28. Kg2 Rd5 29. Rd3 Rxd3 30. exd3 h6 31. Rxe5 Rd8 32. Re7 Qxd3 33. Qxd3
Rxd3 34. Rxb7 Rd2 35. h4 h5 36. a4 Kh7 37. Kf3 Kg6 38. Rb6 Rc2 39. Ra6 Rc5 40.
Ke3 Kf6 41. f3 Ke5 42. Ra7 Kf6 43. Kd4 Rf5 44. Ra6 Rxf3 45. Rxc6+ Kf5 46. Rc5+
Kg4 47. Rxa5 Kxg3 48. Rxh5 Rf4+ 49. Kc5 Rxa4 50. Rg5+ Kf3 51. Rxg7 Rxh4 52. Re7
Rh5+ 53. Kc4 Rh4+ 54. Kc3 Rh1 55. b4 Rc1+ 56. Kd4 Rd1+ 57. Kc5 Rc1+ 58. Kb6 1-0

[Event "Ostravský koník 2014 - MÈR"]
[Site "Ostrava, CZE"]
[Date "2014.04.29"]
[Round "4"]
[White "Krajina, Ales"]
[Black "Maríková, Jana"]
[Result "0-1"]
[WhiteElo "2228"]
[BlackElo "2079"]
[PlyCount "80"]

1. e4 c5 2. a3 d6 3. b4 Nf6 4. Nc3 Nc6 5. Nf3 e6 6. Bb5 cxb4 7. axb4 Bd7 8. O-O
a6 9. Bxc6 Bxc6 10. d3 Be7 11. Rb1 O-O 12. b5 axb5 13. Nxb5 Nd7 14. c4 Nc5 15.
Nfd4 Bf6 16. Bb2 Qd7 17. Nxc6 bxc6 18. Bxf6 gxf6 19. Nc3 Ra3 20. Rc1 e5 21. Qd2
Rfa8 22. Rcd1 Nb3 23. Qh6 Qe6 24. Ne2 Qg4 25. Ng3 Qg6 26. Qh3 Nd4 27. f4 Ra2
28. fxe5 fxe5 29. Nh5 Rb2 30. Rf6 Qg5 31. Rxd6 Kh8 32. Kh1 Rg8 33. Ng3 Ne6 34.
Rg1 Nf4 35. Qf5 Qxf5 36. exf5 Rd2 37. Rxc6 Nxd3 38. Rf1 Nf4 39. Rc7 f6 40. Rxf4
exf4 0-1

[Event "Ostravský koník 2014 - MÈR"]
[Site "Ostrava, CZE"]
[Date "2014.04.29"]
[Round "4"]
[White "Machycek, Lubomír"]
[Black "Dobes, Vojtech"]
[Result "1-0"]
[WhiteElo "2210"]
[BlackElo "2103"]
[PlyCount "109"]

1. e3 e5 2. c4 Nf6 3. Nc3 d5 4. cxd5 Nxd5 5. Nf3 Nxc3 6. bxc3 Bd6 7. d4 Nd7 8.
Bd3 O-O 9. Qc2 h6 10. O-O Re8 11. Bb2 Qe7 12. e4 Ba3 13. Bxa3 Qxa3 14. Nd2 exd4
15. cxd4 Nf8 16. Nb3 c6 17. Bc4 Be6 18. f3 Red8 19. Rfd1 Rac8 20. Rac1 Bxc4 21.
Qxc4 Ne6 22. Rc2 Rc7 23. Rcd2 Qd6 24. a4 Qf4 25. Rd3 h5 26. Qc1 Rcd7 27. Qxf4
Nxf4 28. R3d2 b6 29. Kf2 Kf8 30. Ke3 Ne6 31. Rc2 Rc7 32. Rdc1 Rdc8 33. h4 Ke7
34. f4 g6 35. g3 a5 36. Rc4 Kd7 37. R4c3 Kd6 38. Kd3 Ke7 39. Ke3 Kd6 40. Nd2 b5
41. Nb3 Ra8 42. Ra1 Rca7 43. Rc2 f5 44. e5+ Kd5 45. Nc5 Nd8 46. Rb1 Rb8 47.
Rcb2 b4 48. Rc1 Rb6 49. Nb3 Ne6 50. Rbc2 Raa6 51. Kd3 Ra7 52. Nd2 b3 53. Nc4
Nc5+ 54. dxc5 bxc2 55. cxb6 1-0

[Event "Ostravský koník 2014 - MÈR"]
[Site "Ostrava, CZE"]
[Date "2014.04.29"]
[Round "4"]
[White "Hladík, Lumír"]
[Black "Lys, Josef"]
[Result "0-1"]
[WhiteElo "2034"]
[BlackElo "2206"]
[PlyCount "92"]

1. e4 c6 2. d4 d5 3. Nc3 a6 4. h3 b5 5. a3 g6 6. Nf3 Bg7 7. Be3 Nf6 8. Bd3 dxe4
9. Nxe4 Nbd7 10. O-O O-O 11. Qd2 Re8 12. Rfe1 Nf8 13. Ne5 Qc7 14. Ng5 Be6 15.
Nxe6 Nxe6 16. b4 Nd5 17. Bh6 Qd6 18. Bxg7 Kxg7 19. c3 a5 20. bxa5 Qc7 21. Ng4
Qf4 22. Qxf4 Nexf4 23. Be4 Rxa5 24. Ne5 Nxc3 25. Nxc6 Ra4 26. Bf3 e6 27. Nb4
Rd8 28. Re3 Rc8 29. Kh2 Rc4 30. g3 Nfd5 31. Nxd5 Nxd5 32. Rb3 b4 33. Kg2 Rxd4
34. Rbb1 Rxa3 35. Rxa3 bxa3 36. Ra1 Ra4 37. Bxd5 exd5 38. Ra2 Kf6 39. Kf3 Ke5
40. Ke3 d4+ 41. Kd3 Kd5 42. f3 h5 43. g4 h4 44. g5 Ke5 45. Ke2 Kf4 46. Kf2 Kxg5
0-1

[Event "Ostravský koník 2014 - MÈR"]
[Site "Ostrava, CZE"]
[Date "2014.04.29"]
[Round "4"]
[White "Kubík, Michael"]
[Black "Didi, Jan"]
[Result "1-0"]
[WhiteElo "2203"]
[BlackElo "2069"]
[PlyCount "67"]

1. e4 c5 2. Nf3 e6 3. d4 cxd4 4. Nxd4 a6 5. Nc3 Qc7 6. Be2 Nf6 7. O-O Nc6 8.
Be3 Be7 9. a4 O-O 10. f4 d6 11. Kh1 Bd7 12. Nb3 Nb4 13. a5 Rac8 14. Bf3 Bc6 15.
Bb6 Qb8 16. Rc1 d5 17. e5 Ne4 18. Qe1 Bb5 19. Nxb5 axb5 20. Bxe4 dxe4 21. Qxe4
Rc4 22. Nd4 Nd5 23. b3 Nc3 24. Qd3 Rcc8 25. Nxb5 Nxb5 26. Qxb5 Ba3 27. Ra1 Bb2
28. Ra2 Bc3 29. Ra4 f6 30. Rc4 fxe5 31. Bc5 Bd2 32. Bxf8 Rxf8 33. Qd7 Bxf4 34.
Rc7 1-0

[Event "Ostravský koník 2014 - MÈR"]
[Site "Ostrava, CZE"]
[Date "2014.04.29"]
[Round "4"]
[White "Miculka, Petr"]
[Black "Jedlicka, Ales"]
[Result "0-1"]
[WhiteElo "2017"]
[BlackElo "2199"]
[PlyCount "120"]

1. e4 c5 2. Nf3 d6 3. Bb5+ Bd7 4. Bxd7+ Qxd7 5. c4 Nf6 6. Nc3 g6 7. d4 cxd4 8.
Nxd4 Bg7 9. O-O O-O 10. f3 a6 11. a4 Nc6 12. Nde2 Rac8 13. Rb1 e6 14. Bg5 h6
15. Be3 Ne5 16. b3 Rfd8 17. Qd2 d5 18. cxd5 exd5 19. Bxh6 dxe4 20. Qxd7 Nfxd7
21. Bxg7 exf3 22. Bh6 fxe2 23. Nxe2 Nc5 24. Bg5 Rd7 25. Rfc1 Ned3 26. Rc4 Re8
27. Ng3 f5 28. a5 Ne6 29. Bf6 Kf7 30. Bc3 Ng5 31. Rf1 f4 32. h4 Re3 33. Bd2
Rxg3 34. Bxf4 Nxf4 35. hxg5 Rxg2+ 36. Kh1 Rxg5 37. Rfxf4+ Rf5 38. b4 Kf6 39.
Kg2 Rd2+ 40. Kf3 Rb2 41. Rcd4 Ke5 42. Rde4+ Kd5 43. Rd4+ Kc6 44. Ke3 Kb5 45.
Rxf5+ gxf5 46. Rd7 f4+ 47. Kf3 Rb3+ 48. Kf2 Rxb4 49. Rxb7+ Kxa5 50. Rf7 Rd4 51.
Rb7 Ka4 52. Rb6 a5 53. Ke2 Ka3 54. Rb5 a4 55. Rb6 Rb4 56. Rc6 Kb2 57. Kd2 Rd4+
58. Ke2 a3 59. Rb6+ Kc3 60. Ra6 Kb3 0-1

[Event "Ostravský koník 2014 - MÈR"]
[Site "Ostrava, CZE"]
[Date "2014.04.29"]
[Round "4"]
[White "Ockay, Tomas"]
[Black "Chlevistan, Jakub"]
[Result "1/2-1/2"]
[WhiteElo "2154"]
[BlackElo "2142"]
[PlyCount "46"]

1. Nf3 c5 2. b3 Nf6 3. Bb2 e6 4. e3 Be7 5. Be2 O-O 6. O-O b6 7. c4 Bb7 8. d4
cxd4 9. Nxd4 a6 10. Nc3 d5 11. Bf3 Ra7 12. cxd5 Nxd5 13. Nxd5 Bxd5 14. e4 Ba8
15. Qe2 Rd7 16. Rfd1 Qc7 17. Rac1 Qa7 18. g3 Rfd8 19. Bg2 b5 20. Nc2 Bc5 21.
Rxd7 Qxd7 22. b4 Bf8 23. a3 Qa7 1/2-1/2

[Event "Ostravský koník 2014 - MÈR"]
[Site "Ostrava, CZE"]
[Date "2014.04.29"]
[Round "4"]
[White "Richterová, Natasa"]
[Black "Novosadová, Kristýna"]
[Result "1/2-1/2"]
[WhiteElo "2034"]
[BlackElo "2187"]
[PlyCount "157"]

1. e4 e5 2. Nf3 Nc6 3. Bc4 Nf6 4. d3 Be7 5. O-O O-O 6. Re1 d6 7. a4 h6 8. a5
Re8 9. c3 Bf8 10. Qb3 Qe7 11. Nbd2 b6 12. axb6 cxb6 13. Qd1 Qc7 14. Nf1 Bb7 15.
Ne3 Na5 16. Ba2 Rad8 17. b4 Nc6 18. Bc4 a5 19. bxa5 Nxa5 20. Bb5 Bc6 21. Bxc6
Qxc6 22. c4 Ra8 23. Bd2 Nb7 24. Rb1 Nc5 25. Bb4 Ra6 26. Re2 Rea8 27. Reb2 Ra2
28. h3 Qa4 29. Qxa4 R8xa4 30. Ne1 Rxb2 31. Rxb2 Ra1 32. Kh2 g6 33. g3 h5 34.
Kg2 Bh6 35. N3c2 Bc1 36. Nxa1 Bxb2 37. Nac2 Kf8 38. Kf3 Ke7 39. Bd2 Kd7 40. Ke2
Ne8 41. Ne3 Nc7 42. N1c2 Nb3 43. f4 Ne6 44. Nd5 Kc6 45. Ncb4+ Kb7 46. Be3 Bd4
47. f5 gxf5 48. exf5 Ng7 49. g4 hxg4 50. hxg4 Bxe3 51. Kxe3 Nd4 52. Ke4 b5 53.
cxb5 Nxb5 54. g5 Nd4 55. Ne7 Kc7 56. g6 fxg6 57. f6 Nge6 58. Nxg6 Kd7 59. f7
Ng5+ 60. Kd5 Nxf7 61. Nf8+ Ke7 62. Ng6+ Kf6 63. Nf8 Kf5 64. Na6 Kf4 65. Nd7 Ke3
66. Nb4 Kd2 67. Kc4 Nf5 68. Nf6 Ne3+ 69. Kb5 Kc3 70. Ne4+ Kb3 71. Nc6 d5 72.
Nf6 Kc3 73. Kc5 Kxd3 74. Nb4+ Kc3 75. Nbxd5+ Nxd5 76. Kxd5 Kd3 77. Ng4 e4 78.
Nf2+ Ke3 79. Nxe4 1/2-1/2

[Event "Ostravský koník 2014 - MÈR"]
[Site "Ostrava, CZE"]
[Date "2014.04.29"]
[Round "4"]
[White "Bures, Martin"]
[Black "Kolár, Stanislav"]
[Result "1/2-1/2"]
[WhiteElo "2156"]
[BlackElo "2081"]
[PlyCount "78"]

1. d4 Nf6 2. c4 e6 3. Nc3 Bb4 4. Nf3 O-O 5. Qb3 c5 6. Bg5 Nc6 7. d5 Na5 8. Qc2
Nxc4 9. e4 exd5 10. Bxc4 dxc4 11. O-O-O Bxc3 12. bxc3 h6 13. h4 Qc7 14. e5 Ng4
15. Be7 Nxe5 16. Nxe5 Qxe5 17. Bd6 Qf6 18. Rhe1 g6 19. Re3 b6 20. Bxf8 Kxf8 21.
Qe4 Rb8 22. Qe8+ Kg7 23. Rde1 d6 24. Kb2 b5 25. Rf3 Bg4 26. Qxb8 Bxf3 27. gxf3
Qxf3 28. Re8 Qxf2+ 29. Ka3 Qd2 30. Rg8+ Kf6 31. Qd8+ Kf5 32. Qd7+ Kf6 33. Qd8+
Ke6 34. Re8+ Kf5 35. Qd7+ Kf6 36. Qe7+ Kg7 37. Qf8+ Kf6 38. Qe7+ Kg7 39. Qf8+
Kf6 1/2-1/2

[Event "Ostravský koník 2014 - MÈR"]
[Site "Ostrava, CZE"]
[Date "2014.04.29"]
[Round "4"]
[White "Karhanek, Pavel"]
[Black "Dostál, Radim"]
[Result "0-1"]
[WhiteElo "2130"]
[BlackElo "2043"]
[PlyCount "76"]

1. d4 Nf6 2. Bf4 g6 3. e3 Bg7 4. Be2 O-O 5. Nf3 d6 6. h3 Nbd7 7. O-O b6 8. c3
Bb7 9. a4 a5 10. Na3 Ne4 11. Qb3 e5 12. Bh2 Ng5 13. Nd2 Qe7 14. Rfe1 Nf6 15.
dxe5 dxe5 16. Ndc4 Nfe4 17. Qc2 Rad8 18. Rad1 h5 19. Rxd8 Rxd8 20. Rd1 Rxd1+
21. Bxd1 Nc5 22. f3 e4 23. f4 Nge6 24. Nb5 Nd3 25. Be2 Nec5 26. Bxd3 exd3 27.
Qf2 Ne4 28. Qe1 Qc5 29. Nd2 Qd5 30. Nxe4 Qxe4 31. Qd2 Qxa4 32. Qxd3 Qa1+ 33.
Qf1 Qxf1+ 34. Kxf1 Ba6 35. c4 c6 36. Nd6 Bxb2 37. Ke1 Ba3 38. Ne4 Bxc4 0-1

[Event "Ostravský koník 2014 - MÈR"]
[Site "Ostrava, CZE"]
[Date "2014.04.30"]
[Round "5"]
[White "Navara, David"]
[Black "Oral, Tomas"]
[Result "1-0"]
[WhiteElo "2706"]
[BlackElo "2515"]
[PlyCount "53"]

1. d4 Nf6 2. c4 g6 3. f3 e6 4. e4 d5 5. cxd5 exd5 6. e5 Nh5 7. Ne2 c5 8. Nbc3
Nc6 9. Be3 Be6 10. Qd2 Qa5 11. g4 Ng7 12. Bg5 h5 13. Bf6 hxg4 14. fxg4 Bxg4 15.
Nxd5 Qxd2+ 16. Kxd2 Bf3 17. Nc7+ Kd7 18. Nxa8 Bxh1 19. h4 Be4 20. Bh3+ Bf5 21.
Bxf5+ gxf5 22. d5 Ne7 23. Nf4 Ng8 24. Bg5 Be7 25. Rg1 Nh5 26. e6+ fxe6 27. Ng6
1-0

[Event "Ostravský koník 2014 - MÈR"]
[Site "Ostrava, CZE"]
[Date "2014.04.30"]
[Round "5"]
[White "Biolek, Richard"]
[Black "Babula, Vlastimil"]
[Result "1/2-1/2"]
[WhiteElo "2418"]
[BlackElo "2553"]
[PlyCount "38"]

1. d4 Nf6 2. c4 e6 3. Nc3 Bb4 4. e3 O-O 5. Bd3 b6 6. Nge2 d5 7. a3 Bxc3+ 8.
Nxc3 Ba6 9. cxd5 Bxd3 10. Qxd3 exd5 11. O-O Re8 12. b3 Nbd7 13. a4 Nf8 14. Ba3
Ne6 15. Rac1 c6 16. Rc2 Rc8 17. Rfc1 Qd7 18. Qf5 h6 19. Ne2 Qb7 1/2-1/2

[Event "Ostravský koník 2014 - MÈR"]
[Site "Ostrava, CZE"]
[Date "2014.04.30"]
[Round "5"]
[White "Petr, Martin"]
[Black "Simacek, Pavel"]
[Result "1-0"]
[WhiteElo "2529"]
[BlackElo "2469"]
[PlyCount "63"]

1. d4 c5 2. e3 cxd4 3. exd4 d5 4. c4 Nf6 5. Nc3 Nc6 6. Bg5 Be6 7. Be2 Qa5 8.
Bf3 dxc4 9. d5 O-O-O 10. Bd2 Nxd5 11. Nxd5 Rxd5 12. Bxa5 Rxd1+ 13. Rxd1 Nxa5
14. Ne2 Bd7 15. b4 cxb3 16. axb3 e6 17. O-O b6 18. Rc1+ Kd8 19. Rfd1 Bc5 20.
Rb1 Be7 21. b4 Nc4 22. Ra1 a5 23. bxa5 bxa5 24. Nd4 Bg5 25. h4 Bf4 26. g3 Bc7
27. Bc6 Nb2 28. Nxe6+ fxe6 29. Rxd7+ Kc8 30. Rc1 Rd8 31. Rxg7 Kb8 32. Rxh7 1-0

[Event "Ostravský koník 2014 - MÈR"]
[Site "Ostrava, CZE"]
[Date "2014.04.30"]
[Round "5"]
[White "Haba, Petr"]
[Black "Cvek, Robert"]
[Result "1/2-1/2"]
[WhiteElo "2498"]
[BlackElo "2519"]
[PlyCount "30"]

1. e4 e6 2. d4 d5 3. e5 c5 4. c3 Qb6 5. Nf3 Nc6 6. a3 Nh6 7. b4 cxd4 8. Bxh6
gxh6 9. cxd4 Bd7 10. Ra2 Rg8 11. h3 Ne7 12. g3 Nf5 13. Be2 h5 14. Nc3 O-O-O 15.
Qd3 Kb8 1/2-1/2

[Event "Ostravský koník 2014 - MÈR"]
[Site "Ostrava, CZE"]
[Date "2014.04.30"]
[Round "5"]
[White "Krejci, Jan"]
[Black "Kociscak, Jiri"]
[Result "0-1"]
[WhiteElo "2518"]
[BlackElo "2434"]
[PlyCount "88"]

1. e4 e5 2. Nf3 Nc6 3. Bc4 Nf6 4. Ng5 d5 5. exd5 Na5 6. Bb5+ c6 7. dxc6 bxc6 8.
Bd3 Nd5 9. Nf3 Bd6 10. O-O O-O 11. Re1 Re8 12. Nc3 Bg4 13. h3 Bh5 14. Ne4 Nf4
15. Bf1 f5 16. Nxd6 Qxd6 17. d3 c5 18. Bxf4 exf4 19. Be2 Rab8 20. Qd2 Nc4 21.
dxc4 Qxd2 22. Nxd2 Bxe2 23. b3 Rbd8 24. Nf1 Bh5 25. f3 g5 26. Rxe8+ Rxe8 27.
Kf2 g4 28. hxg4 fxg4 29. fxg4 Bxg4 30. Re1 Rxe1 31. Kxe1 Bf5 32. c3 Be4 33. Kf2
Kf7 34. Nd2 Bc6 35. b4 Ke6 36. Nb3 cxb4 37. Nd4+ Kd6 38. cxb4 Bd7 39. Nb5+ Bxb5
40. cxb5 Kd5 41. Kf3 Kc4 42. b6 axb6 43. Kxf4 Kxb4 44. Kg5 Ka3 0-1

[Event "Ostravský koník 2014 - MÈR"]
[Site "Ostrava, CZE"]
[Date "2014.04.30"]
[Round "5"]
[White "Zilka, Stepan"]
[Black "Malík, Jan"]
[Result "1-0"]
[WhiteElo "2541"]
[BlackElo "2289"]
[PlyCount "27"]

1. d4 d5 2. c4 c6 3. Nf3 Nf6 4. Nc3 a6 5. e3 b5 6. c5 g6 7. Bd3 Bg7 8. Ne5 Nfd7
9. f4 f6 10. Nxd7 Nxd7 11. f5 Nf8 12. e4 e6 13. O-O Kf7 14. Bf4 1-0

[Event "Ostravský koník 2014 - MÈR"]
[Site "Ostrava, CZE"]
[Date "2014.04.30"]
[Round "5"]
[White "Stocek, Jiri"]
[Black "Kriebel, Tadea"]
[Result "1/2-1/2"]
[WhiteElo "2540"]
[BlackElo "2366"]
[PlyCount "85"]

1. d4 d5 2. c4 e6 3. Nc3 Nf6 4. Bg5 Be7 5. e3 h6 6. Bh4 O-O 7. Rc1 dxc4 8. Bxc4
c5 9. dxc5 Qxd1+ 10. Kxd1 Nbd7 11. Nf3 Nxc5 12. Ke2 b6 13. Ne5 Bb7 14. b4 Nce4
15. Nxe4 Bxe4 16. f3 Bb7 17. Nd7 Rfd8 18. Nxf6+ Bxf6 19. Bxf6 gxf6 20. Rhd1
Rac8 21. Bb3 Ba6+ 22. Kf2 Rxd1 23. Rxd1 Bc4 24. Rc1 Ba6 25. Rxc8+ Bxc8 26. Kg3
Bb7 27. Bc4 Bc6 28. a3 Kg7 29. Kf4 Bd7 30. Ke4 Bc6+ 31. Kf4 Bd7 32. Ke4 Bc6+
33. Kd4 Kf8 34. Be2 Ke7 35. g3 f5 36. f4 Kd6 37. Bd3 f6 38. Kc4 Kc7 39. Bc2 Kd6
40. Kd4 Bb7 41. Bd3 Bc6 42. Kc4 Kc7 43. Kd4 1/2-1/2

[Event "Ostravský koník 2014 - MÈR"]
[Site "Ostrava, CZE"]
[Date "2014.04.30"]
[Round "5"]
[White "Freisler, Pavel"]
[Black "Kislinsky, Alexey"]
[Result "1/2-1/2"]
[WhiteElo "2357"]
[BlackElo "2483"]
[PlyCount "63"]

1. Nf3 g6 2. d4 Bg7 3. c4 c5 4. d5 d6 5. e4 e6 6. Bd3 exd5 7. exd5 Ne7 8. O-O
O-O 9. Nc3 h6 10. h3 Nd7 11. Bf4 Nf6 12. Qd2 g5 13. Bh2 a6 14. Rae1 Ng6 15. Qc2
Ne8 16. Re2 f5 17. Rfe1 Nc7 18. Na4 a5 19. Nb6 Ra6 20. Nxc8 Qxc8 21. Re6 Nxe6
22. Rxe6 Ne5 23. Nxe5 dxe5 24. Bxf5 Qc7 25. Qd3 Rxe6 26. Bxe6+ Kh8 27. d6 Qb6
28. d7 Bf6 29. Qg6 Qxe6 30. Qxh6+ Kg8 31. Qg6+ Kh8 32. Qh6+ 1/2-1/2

[Event "Ostravský koník 2014 - MÈR"]
[Site "Ostrava, CZE"]
[Date "2014.04.30"]
[Round "5"]
[White "Kraus, Tomas"]
[Black "Plat, Vojtech"]
[Result "1-0"]
[WhiteElo "2326"]
[BlackElo "2456"]
[PlyCount "71"]

1. e4 c5 2. Nf3 e6 3. d4 cxd4 4. Nxd4 Nc6 5. Nb5 Nf6 6. Bf4 e5 7. Bg5 d6 8. c4
a6 9. N5c3 Be7 10. Be2 Be6 11. O-O O-O 12. Be3 Nd7 13. Na3 Bg5 14. Nc2 Bxe3 15.
Nxe3 Nd4 16. Nc2 Qf6 17. b3 Rac8 18. Qd2 b5 19. Nxd4 exd4 20. Nd5 Bxd5 21. exd5
Nc5 22. cxb5 axb5 23. Bxb5 Ne4 24. Qd3 Qe5 25. Bc6 Nc3 26. Rfe1 Qh5 27. Qc4 Rb8
28. f3 Qh4 29. a4 Qf4 30. a5 Qd2 31. a6 Rb4 32. Qf1 d3 33. a7 Ne2+ 34. Qxe2
dxe2 35. a8=Q Rxb3 36. Qxf8+ 1-0

[Event "Ostravský koník 2014 - MÈR"]
[Site "Ostrava, CZE"]
[Date "2014.04.30"]
[Round "5"]
[White "Rasik, Vitezslav"]
[Black "Svoboda, Svatopluk"]
[Result "1-0"]
[WhiteElo "2456"]
[BlackElo "2334"]
[PlyCount "75"]

1. e4 e6 2. d4 d5 3. Nd2 Nf6 4. e5 Nfd7 5. Ngf3 c5 6. c3 Nc6 7. Bd3 Be7 8. O-O
g5 9. Qe2 g4 10. Ne1 h5 11. Qe3 Bg5 12. f4 Bh6 13. Nc2 cxd4 14. cxd4 Nf8 15.
Qf2 f5 16. exf6 Qxf6 17. Nb3 Ng6 18. f5 exf5 19. Bxh6 Rxh6 20. Rae1+ Nge7 21.
Ne3 Kf7 22. Bxf5 Kg7 23. Qc2 Qd6 24. Bxc8 Rxc8 25. Nf5+ Nxf5 26. Qxf5 Rf8 27.
Qg5+ Rg6 28. Qxh5 Rxf1+ 29. Rxf1 a5 30. a4 Qe6 31. Nc5 Qe3+ 32. Kh1 Nxd4 33.
Qxd5 Ne2 34. Qf7+ Kh6 35. Qf8+ Kh5 36. Rf5+ Kh4 37. Qd8+ Rg5 38. Qh8+ 1-0

[Event "Ostravský koník 2014 - MÈR"]
[Site "Ostrava, CZE"]
[Date "2014.04.30"]
[Round "5"]
[White "Adámek, Jiri"]
[Black "Jansa, Vlastimil"]
[Result "1-0"]
[WhiteElo "2301"]
[BlackElo "2455"]
[PlyCount "147"]

1. e4 c5 2. Nf3 e6 3. d4 cxd4 4. Nxd4 Nc6 5. Nc3 a6 6. Nxc6 bxc6 7. Bd3 d5 8.
O-O Nf6 9. Re1 Be7 10. e5 Nd7 11. Qg4 Kf8 12. Bd2 c5 13. Na4 Bb7 14. c4 d4 15.
b3 Qc7 16. f4 g6 17. Qh3 h5 18. Nb2 Kg7 19. Nd1 a5 20. Nf2 a4 21. Ne4 Ra6 22.
bxa4 Rxa4 23. Bc2 Ra7 24. Ng5 Bxg5 25. fxg5 Nb6 26. Bb3 Qc6 27. Re2 Rd8 28. Qd3
Nc8 29. a4 Ne7 30. a5 Qc7 31. Rf1 Nf5 32. Bc2 Qd7 33. Ref2 Bc6 34. Ra1 Qe7 35.
Bd1 Rb8 36. Bc2 Rd7 37. Ra3 Rdb7 38. Ra1 Ra7 39. Qa3 Rd8 40. Re1 d3 41. Bd1 Rd4
42. Bf3 Ba8 43. Qb3 Bxf3 44. Rxf3 Rb7 45. Qa2 Qd8 46. a6 Ra7 47. Ra1 Qa8 48.
Bc3 Rg4 49. Rf2 Qe4 50. h3 Rg3 51. Re1 Re3 52. Rxe3 Nxe3 53. Bd2 Nf5 54. Kh2
Qxe5+ 55. Bf4 Qd4 56. Bb8 Rxa6 57. Qxa6 d2 58. Rxd2 Qxd2 59. Be5+ f6 60. Qb7+
Kf8 61. Qc8+ Kf7 62. Qc7+ Ke8 63. gxf6 Qd7 64. Qxc5 Kf7 65. Qb5 Qa7 66. c5 g5
67. c6 Qe3 68. c7 g4 69. Qd7+ Kg6 70. Qe8+ Kh6 71. Qh8+ Kg6 72. Qg8+ Kh6 73.
Bd6 Nxd6 74. Qg7# 1-0

[Event "Ostravský koník 2014 - MÈR"]
[Site "Ostrava, CZE"]
[Date "2014.04.30"]
[Round "5"]
[White "Toman, Jaroslav"]
[Black "Vokac, Marek"]
[Result "0-1"]
[WhiteElo "2220"]
[BlackElo "2422"]
[PlyCount "58"]

1. d4 Nf6 2. c4 g6 3. Nc3 Bg7 4. e4 O-O 5. Be3 d6 6. f3 a6 7. Qd2 b6 8. Rd1
Nbd7 9. Bd3 c5 10. Nge2 Bb7 11. O-O Qc7 12. b3 cxd4 13. Nxd4 e6 14. Be2 Rfe8
15. Rc1 Rac8 16. Ndb5 axb5 17. Nxb5 Qb8 18. Nxd6 Bf8 19. Nxe8 Rxe8 20. b4 Bd6
21. Rfd1 Bxh2+ 22. Kf1 Ne5 23. Bf4 Nxf3 24. gxf3 Bxf4 25. Qd4 Nxe4 26. Rc2 Ng3+
27. Kf2 Nf5 28. Qf6 Be3+ 29. Kf1 Qg3 0-1

[Event "Ostravský koník 2014 - MÈR"]
[Site "Ostrava, CZE"]
[Date "2014.04.30"]
[Round "5"]
[White "Blatny, Pavel"]
[Black "Olsarova, Karolina"]
[Result "1-0"]
[WhiteElo "2418"]
[BlackElo "2279"]
[PlyCount "135"]

1. Nf3 d5 2. d4 Nf6 3. c3 c6 4. Bf4 Bf5 5. Nbd2 h6 6. h3 e6 7. e3 Nbd7 8. g4
Bg6 9. Bg3 Be7 10. Ne5 Nxe5 11. Bxe5 O-O 12. h4 Ne4 13. h5 Bh7 14. Nxe4 Bxe4
15. f3 Bh7 16. Bg3 c5 17. Qd2 Bd6 18. f4 b5 19. Bxb5 Qb6 20. Be2 Rab8 21. b3
Rfc8 22. O-O a5 23. Be1 Be4 24. Bf3 Bxf3 25. Rxf3 c4 26. Rb1 cxb3 27. axb3 a4
28. b4 Qb5 29. Ra1 Ra8 30. Ra3 Ra7 31. Rf2 Be7 32. Rg2 f6 33. Qd1 Rf8 34. Rga2
Rfa8 35. Kg2 Qd7 36. Qf3 Qc6 37. Bg3 Bd6 38. Kh3 Rf7 39. Qd1 Rfa7 40. Qd3 Kh8
41. Re2 Qc7 42. Kg2 Rf8 43. Rea2 Rfa8 44. Qd1 Qc6 45. Kf2 Qb5 46. Qe2 Qc6 47.
Qd3 Qb7 48. Re2 Qc7 49. Kf3 Rf8 50. Rea2 Rfa8 51. e4 Qd7 52. e5 fxe5 53. dxe5
Be7 54. Bf2 Rc7 55. Bd4 Rc4 56. Qd1 Rf8 57. Qxa4 Qd8 58. Qd1 Bg5 59. Ra8 Rxf4+
60. Kg2 Rc8 61. Rxc8 Qxc8 62. b5 Re4 63. b6 Kh7 64. Qb1 Qb7 65. Ra7 Qc8 66. b7
Qc4 67. Ra2 g6 68. b8=Q 1-0